000 00588nam a22001817a 4500
008 160427b xxu||||| |||| 00| 0 eng d
020 _a978-971-23-4736-8
082 _22007
_aDFil 371.3
_bAc3p
100 _96593
_aAcero, Victorina O.
245 _aPrinciples of teaching I/
_cVictorina O. Acero, Evelyn S. Javier and Herminia O. Castro.
260 _aManila:
_bREX,
_cc2007.
300 _aviii, 138 pages;
_c22 cm.
500 _aIncludes index.
650 0 _96598
_aTeaching
_xMethodology.
700 _96594
_aJavier, Evelyn S.
700 _96595
_aCastro, Hermina O.
942 _2ddc
_cDFIL
999 _c2045
_d2045